000 00454cam a22001337a 4500
008 180718b2004 xxu||||| |||| 00| 0 eng d
082 _aA81x54 01/20TH
100 _aCensus of India 2001
245 _aWest Bengal: tables on houses, household amenities and assets
260 _aDelhi
_bThe Controller of Publications
_c2004
300 _a798p.
440 _aCensus of India 2001. Series-20, West Bengal
650 _aHousehold surveys - India - West Bengal
999 _c486781
_d486781